Frontiers in econometrics /

Bibliographic Details
Main Author: Zarembka, Paul
Format: Book
Language:English
Published: New York : Academic Press, 1974.
Series:Economic theory and mathematical economics.
Subjects:

MARC

Tag First Indicator Second Indicator Subfields
LEADER 00000pam a2200000 4500
001 in00000231908
005 20151009075940.0
008 730713s1974 nyu b 00110 eng
010 |a  73002063  
020 |a 0127761500 
035 |a (OCoLC)00673267 
035 |9 AAZ4583AM 
040 |a DLC  |c DLC  |d TXA  |d UtOrBLW 
049 |a TXAM  |c [1373057] 
050 0 0 |a HB141  |b .Z47 
082 0 |a 330 
100 1 |a Zarembka, Paul. 
245 1 0 |a Frontiers in econometrics /  |c Edited by Paul Zarembka. 
264 1 |a New York :  |b Academic Press,  |c 1974. 
300 |a ix, 252 pages ;  |c 24 cm. 
336 |a text  |b txt  |2 rdacontent 
337 |a unmediated  |b n  |2 rdamedia 
338 |a volume  |b nc  |2 rdacarrier 
490 1 |a Economic theory and mathematical economics 
504 |a Includes bibliographies. 
650 0 |a Econometrics. 
830 0 |a Economic theory and mathematical economics. 
999 |a MARS 
999 f f |s 0ab12243-29fa-385c-bbb8-c1c0f82faacd  |i 012af8ab-50fc-38a7-a0e4-f879b5ed4aba  |t 0 
952 f f |p ric  |a Texas A&M University  |b Rellis Campus  |c Joint Library Facility  |d Remote Storage  |t 0  |e HB141 .Z47  |h Library of Congress classification  |i unmediated -- volume  |m A14802533802 
998 f f |a HB141 .Z47  |t 0  |l Remote Storage